[Event "SC Taufers-SG Kaltern/Tramin"]
[Site "?"]
[Date "2013.10.26"]
[Round "1.3"]
[White "Panjkovic, Aleksandar"]
[Black "Niederkofler, Andreas"]
[Result "1/2-1/2"]
[WhiteElo "2135"]
[BlackElo "1794"]
[PlyCount "95"]
[EventDate "2013.??.??"]

1. c4 c5 2. g3 Nf6 3. Nc3 e6 4. Bg2 d5 5. cxd5 exd5 6. d4 cxd4 7. Qxd4 Nc6 8.
Qd1 d4 9. Ne4 Bf5 10. Nxf6+ Qxf6 11. Nf3 Bb4+ 12. Bd2 O-O 13. O-O d3 14. a3
dxe2 15. Qxe2 Rfe8 16. Qb5 Bxd2 17. Nxd2 Rab8 18. Rfe1 Red8 19. Ne4 Bxe4 20.
Rxe4 Nd4 21. Qe5 Nf3+ 22. Bxf3 Qxf3 23. Rae1 h6 24. Rf4 Qb3 25. Rg4 g6 26. Rb4
Qf3 27. Qe3 Qxe3 28. Rxe3 Rd7 29. a4 Rc8 30. Reb3 b6 31. Rb5 Rc2 32. Rf3 Kg7
33. b3 Rcd2 34. a5 R2d5 35. Rxd5 Rxd5 36. axb6 axb6 37. h4 Rd2 38. Rf4 b5 39.
Kg2 Rd3 40. Rb4 Rd5 41. Kf3 f5 42. Ke3 Kf6 43. Rd4 Ke6 44. Rxd5 Kxd5 45. Kf4
Ke6 46. f3 Kf6 47. Ke3 Ke5 48. Kd3 1/2-1/2

[Event "SC Taufers-SG Kaltern/Tramin"]
[Site "?"]
[Date "2013.10.26"]
[Round "1.4"]
[White "Haidacher, Gerold"]
[Black "Waldner, Mirko"]
[Result "1/2-1/2"]
[WhiteElo "1699"]
[BlackElo "1850"]
[PlyCount "97"]
[EventDate "2013.??.??"]

1. e4 d6 2. d4 Nf6 3. Nc3 g6 4. f4 Bg7 5. Nf3 c5 6. Bb5+ Bd7 7. e5 Ng4 8. Bxd7+
Qxd7 9. h3 cxd4 10. Qxd4 Nh6 11. g4 Nc6 12. Qe4 O-O 13. Bd2 dxe5 14. fxe5 Qe6
15. O-O-O Rfd8 16. Bf4 b5 17. Nd4 Nxd4 18. Rxd4 Rac8 19. Rhd1 Re8 20. Qe3 g5
21. Bxg5 a5 22. Nxb5 Qxa2 23. Qa3 Qe6 24. Qe3 Kh8 25. Kb1 Ng8 26. Bf4 Qb6 27.
Rd5 Qc6 28. c3 Qc4 29. Na3 Qb3 30. R1d2 f6 31. Rxa5 Red8 32. Rb5 Qa4 33. Rb4
Qc6 34. Rc4 Qb7 35. Rxc8 Rxc8 36. exf6 exf6 37. g5 fxg5 38. Be5 Bxe5 39. Qxe5+
Qg7 40. Qxg7+ Kxg7 41. Nb5 Kg6 42. Nd4 Nf6 43. Rg2 Kh5 44. Nf3 h6 45. Kc2 Nd5
46. Kb3 Rb8+ 47. Ka4 Rb7 48. Rh2 Kg6 49. Rc2 1/2-1/2

[Event "SC Taufers-SG Kaltern/Tramin"]
[Site "?"]
[Date "2013.10.26"]
[Round "1.5"]
[White "Bertagnolli, Gerhard"]
[Black "Ratschiller, Manuel"]
[Result "1-0"]
[WhiteElo "1926"]
[BlackElo "1496"]
[PlyCount "111"]
[EventDate "2013.??.??"]

1. d4 d5 2. c4 c6 3. Nc3 Nf6 4. Nf3 e6 5. Bg5 Be7 6. e3 Nbd7 7. Rc1 O-O 8. Bd3
dxc4 9. Bxc4 Nb6 10. Bd3 Nbd5 11. O-O Nb4 12. Bb1 Nfd5 13. Bxe7 Nxe7 14. a3
Nbd5 15. Ne2 Ng6 16. e4 Ndf4 17. Nxf4 Nxf4 18. Qd2 Ng6 19. Rfe1 Qf6 20. e5 Qf4
21. Bxg6 Qxd2 22. Bxf7+ Rxf7 23. Nxd2 Bd7 24. Ne4 b6 25. f3 h6 26. Rc3 a5 27.
b3 Re7 28. Kf2 a4 29. b4 b5 30. Nd6 Rb8 31. Rec1 g6 32. Ke3 Kh7 33. Ne4 Rbe8
34. Rd1 Rc8 35. Nd6 Rb8 36. Rdc1 Kg7 37. Ke4 Kh8 38. Rxc6 Bxc6+ 39. Rxc6 Rd7
40. Rc5 g5 41. Nxb5 Rbd8 42. Nd6 Ra8 43. Rc6 Kg7 44. b5 Kf8 45. b6 Rb8 46. d5
exd5+ 47. Kxd5 Ke7 48. e6 Rdd8 49. Rc7+ Kf6 50. Rf7+ Kg6 51. b7 h5 52. g4 hxg4
53. fxg4 Rxd6+ 54. Kxd6 Re8 55. Kd7 Rb8 56. Kc7 1-0

[Event "SC Taufers-SG Kaltern/Tramin"]
[Site "?"]
[Date "2013.10.26"]
[Round "1.6"]
[White "Innerbichler, Robert"]
[Black "Thaler, Elmar"]
[Result "0-1"]
[WhiteElo "1424"]
[BlackElo "1794"]
[PlyCount "69"]
[EventDate "2013.??.??"]

1. e4 c6 2. Nc3 d5 3. exd5 cxd5 4. h3 Nf6 5. d4 e6 6. a3 a6 7. Nf3 Be7 8. Bd3
O-O 9. O-O Nc6 10. Ne2 Bd7 11. c3 Ne4 12. Bf4 Rc8 13. Ng3 f5 14. Ne5 Nxe5 15.
Bxe4 Ng6 16. Bxd5 exd5 17. Qf3 Nxf4 18. Qxf4 Qc7 19. Qf3 Qd6 20. Rfe1 Bf6 21.
Nxf5 Bxf5 22. Qxf5 Bxd4 23. Qxf8+ Rxf8 24. cxd4 Qf4 25. Rf1 Qxd4 26. Rab1 b5
27. b3 Qc5 28. a4 d4 29. axb5 axb5 30. b4 Qf5 31. Rb3 d3 32. f3 d2 33. Rd1 Qc2
34. Rbb1 Rc8 35. Kf2 0-1

[Event "Groeden-ASD Arci Scacchi BZ"]
[Site "?"]
[Date "2013.10.26"]
[Round "1.1"]
[White "Olivetti, Davide"]
[Black "Moroder, Stephan"]
[Result "0-1"]
[WhiteElo "1862"]
[BlackElo "2139"]
[PlyCount "118"]
[EventDate "2013.??.??"]

1. e4 c5 2. Nc3 Nc6 3. f4 g6 4. Nf3 Bg7 5. Bc4 e6 6. O-O Nge7 7. Qe1 O-O 8. Bb3
d5 9. d3 Nd4 10. Nxd4 cxd4 11. Ne2 a5 12. a4 dxe4 13. dxe4 d3 14. Nc3 Nc6 15.
Be3 Nd4 16. Bxd4 Qxd4+ 17. Kh1 Qb4 18. Qd2 Rd8 19. Rf3 Bxc3 20. bxc3 Qxe4 21.
cxd3 b6 22. Re1 Qc6 23. f5 exf5 24. Qh6 Re8 25. Rfe3 Rxe3 26. Rxe3 Be6 27. c4
Qd7 28. Rh3 f6 29. d4 f4 30. Rh4 g5 31. Rh5 Qg7 32. Bc2 Qxh6 33. Rxh6 Bxc4 34.
Rxf6 Re8 35. h4 Re2 36. Bf5 Bd5 37. hxg5 Bxg2+ 38. Kg1 Bd5 39. Bd7 f3 40. Bb5
Rg2+ 41. Kf1 Rxg5 42. Rxb6 h5 43. Bc6 h4 44. Bxd5+ Rxd5 45. Kf2 Rxd4 46. Kxf3
Rxa4 47. Ra6 Kf7 48. Kg2 Ke7 49. Kh3 Kd7 50. Rg6 Rc4 51. Rg5 a4 52. Ra5 Kc7 53.
Ra7+ Kb6 54. Ra8 Kc5 55. Rb8 a3 56. Rb7 Ra4 57. Rb1 a2 58. Ra1 Kd4 59. Kxh4
Kc3+ 0-1

[Event "Groeden-ASD Arci Scacchi BZ"]
[Site "?"]
[Date "2013.10.26"]
[Round "1.2"]
[White "Oberrauch, Martin"]
[Black "Adzic, Ranko"]
[Result "1-0"]
[WhiteElo "2043"]
[BlackElo "1789"]
[PlyCount "119"]
[EventDate "2013.??.??"]

1. e4 d6 2. g3 g6 3. Bg2 Bg7 4. f4 Nf6 5. d3 Nbd7 6. Nf3 O-O 7. O-O c6 8. c3 e5
9. Nbd2 Qb6+ 10. Kh1 Re8 11. Nc4 Qc7 12. fxe5 dxe5 13. b3 b5 14. Ne3 Bb7 15.
Qe2 Rad8 16. Ba3 a6 17. g4 Nf8 18. Ng5 h6 19. Nh3 Ne6 20. Rad1 c5 21. c4 Nd4
22. Qf2 b4 23. Bb2 Qd7 24. g5 Nh5 25. Nd5 Bxd5 26. cxd5 hxg5 27. Nxg5 Bf6 28.
Nf3 Kg7 29. Bc1 Rh8 30. Kg1 Qg4 31. Nxd4 cxd4 32. Bd2 g5 33. Qf3 Qxf3 34. Bxf3
Nf4 35. Bxf4 gxf4 36. Bg4 a5 37. Rc1 Rd6 38. Rf2 Bd8 39. Bf5 Kf6 40. Rg2 Rh5
41. Bg4 Rg5 42. Kf2 Ke7 43. h4 Rg7 44. h5 Rh7 45. Kf3 Ra6 46. Rc8 Rhh6 47. Rgc2
a4 48. Rb8 axb3 49. axb3 Rab6 50. Ra8 Ra6 51. Rcc8 Rxa8 52. Rxa8 Bc7 53. Ra7
Kd8 54. Rb7 f5 55. exf5 Bd6 56. Rg7 Be7 57. Ke4 Ke8 58. Rg6 Rxg6 59. fxg6 Bf6
60. h6 1-0

[Event "Groeden-ASD Arci Scacchi BZ"]
[Site "?"]
[Date "2013.10.26"]
[Round "1.3"]
[White "D'Ambrosio, Luca"]
[Black "Moroder, Thomas"]
[Result "0-1"]
[WhiteElo "1764"]
[BlackElo "1912"]
[PlyCount "42"]
[EventDate "2013.??.??"]

{500MB, Book2012.ctg, PC1} 1. d4 {[%emt 0:00:00]} 1... Nf6 2. c4 g6 3. Nc3 Bg7
4. e4 O-O 5. f3 d6 6. Bd3 e5 7. d5 c6 8. Nge2 cxd5 9. Nxd5 Nxd5 10. cxd5 Nd7
11. Be3 f5 12. O-O f4 13. Bf2 g5 14. b4 h5 15. g4 hxg4 16. fxg4 Nf6 17. h3 Nxg4
18. hxg4 Bxg4 19. Qa4 Qf6 20. Rfc1 Qh6 21. Kf1 Qh3+ 0-1

[Event "Groeden-ASD Arci Scacchi BZ"]
[Site "?"]
[Date "2013.10.26"]
[Round "1.4"]
[White "Prinoth, Franz"]
[Black "Zanatta, Daniel"]
[Result "1-0"]
[WhiteElo "1751"]
[BlackElo "1462"]
[PlyCount "93"]
[EventDate "2013.??.??"]

1. d4 Nf6 2. Nf3 d6 3. Bf4 Bg4 4. e3 Nbd7 5. Be2 c6 6. Nbd2 Qc7 7. h3 Bf5 8.
O-O e5 9. Bh2 Be7 10. dxe5 Nxe5 11. Nd4 Bc8 12. e4 O-O 13. Kh1 Qb6 14. N4b3
Nfd7 15. f4 Ng6 16. Nc4 Qc7 17. Bd3 Nb6 18. Ne3 Bf6 19. c3 Re8 20. Ng4 Bxg4 21.
Qxg4 Qd7 22. Qh5 Rac8 23. Rad1 Qe7 24. Nd4 Bxd4 25. cxd4 c5 26. f5 Nf8 27. e5
f6 28. exd6 Qf7 29. Qxf7+ Kxf7 30. dxc5 Rxc5 31. Bb1 Nfd7 32. a3 g6 33. Ba2+
Kg7 34. Bg1 Rxf5 35. Rxf5 gxf5 36. Rc1 Re2 37. Rc7 Kf8 38. Bxb6 Nxb6 39. Rxb7
Rxb2 40. Rb8+ Kg7 41. Be6 Rd2 42. Rb7+ Kf8 43. d7 Ke7 44. Bxf5 Nxd7 45. Rxa7 h6
46. Kh2 Kd8 47. Rxd7+ 1-0

[Event "Groeden-ASD Arci Scacchi BZ"]
[Site "?"]
[Date "2013.10.26"]
[Round "1.5"]
[White "Rinaldo, Gaetano"]
[Black "Grossi, Christian"]
[Result "1-0"]
[WhiteElo "1588"]
[BlackElo "1757"]
[PlyCount "89"]
[EventDate "2013.??.??"]

{500MB, Book2012.ctg, PC1} 1. g3 {[%emt 0:00:00]} 1... Nf6 2. Bg2 c5 3. Nf3 Nc6
4. c4 g6 5. O-O Bg7 6. Nc3 O-O 7. d3 d5 8. cxd5 Nxd5 9. Qb3 Nxc3 10. bxc3 Qc7
11. Bf4 e5 12. Be3 b6 13. Ng5 h6 14. Qa4 Bd7 15. Ne4 f5 16. Qb3+ Kh7 17. Nd2 f4
18. gxf4 exf4 19. Bxc5 bxc5 20. Ne4 Rf5 21. Rab1 Rb8 22. Qa3 Rxb1 23. Rxb1 Ne5
24. Rb7 Qxb7 25. Nf6+ Bxf6 26. Bxb7 f3 27. Kf1 fxe2+ 28. Kxe2 Ng4 29. f3 Nxh2
30. Be4 Re5 31. Qxa7 Re7 32. Kf2 c4 33. Qb6 Bxc3 34. Qd6 Rg7 35. dxc4 Nxf3 36.
Kxf3 Be8 37. c5 Rf7+ 38. Kg2 Rd7 39. Qf8 Bf7 40. Kf3 h5 41. c6 Rc7 42. Qd6 Ba5
43. Qc5 Be1 44. Qxh5+ Kg8 45. Qe5 1-0

[Event "Groeden-ASD Arci Scacchi BZ"]
[Site "?"]
[Date "2013.10.26"]
[Round "1.6"]
[White "Dejori, David"]
[Black "Pollana, Marco"]
[Result "1/2-1/2"]
[WhiteElo "1432"]
[BlackElo "1746"]
[PlyCount "81"]
[EventDate "2013.??.??"]

1. e4 Nc6 2. d4 e5 3. Nf3 exd4 4. Nxd4 Bb4+ 5. c3 Be7 6. Be3 Nf6 7. Nd2 d5 8.
Qc2 Ng4 9. Nxc6 bxc6 10. Bd4 c5 11. f3 cxd4 12. fxg4 dxc3 13. Qxc3 O-O 14. Be2
Bf6 15. Qb3 Be6 16. Qc2 Bd4 17. O-O-O c5 18. exd5 Bxd5 19. Bf3 Rb8 20. b3 a5
21. Bxd5 Qxd5 22. Nf3 Rfd8 23. Kb1 a4 24. Rd3 Rb4 25. Rhd1 Rdb8 26. Nxd4 cxd4
27. Kb2 g6 28. R1d2 Qe5 29. h3 axb3 30. axb3 Ra8 31. Qb1 Qa5 32. Kc2 Rc8+ 33.
Kd1 Rc3 34. Rxd4 Rbxb3 35. Qe4 Qa1+ 36. Ke2 Qa6+ 37. Kf2 Qf6+ 38. Qf4 Qh4+ 39.
Kg1 Rc1+ 40. Rd1 Rxd1+ 41. Rxd1 1/2-1/2

[Event "SC SSV Bruneck-SG Kaltern/Tramin II"]
[Site "?"]
[Date "2013.10.26"]
[Round "1.2"]
[White "Peintner, Andreas"]
[Black "Leimgruber, Erich"]
[Result "1-0"]
[WhiteElo "1881"]
[BlackElo "1624"]
[PlyCount "51"]
[EventDate "2013.??.??"]

1. d4 d5 2. c4 dxc4 3. Nf3 Nf6 4. e3 e6 5. Bxc4 Be7 6. O-O O-O 7. Qe2 c5 8. Rd1
Qc7 9. Nc3 a6 10. Bd3 cxd4 11. exd4 Nc6 12. Bg5 Nd5 13. Qe4 f5 14. Nxd5 exd5
15. Qxd5+ Kh8 16. Bxe7 Qxe7 17. Re1 Qf6 18. Rad1 Nb4 19. Qb3 Nxd3 20. Rxd3 b5
21. Ne5 Ra7 22. f4 g5 23. fxg5 Qxg5 24. Qc3 f4 25. d5 Rg7 26. Nf7+ 1-0

[Event "SC Naturns Jambo II-SC Naturns Jambo"]
[Site "?"]
[Date "2013.10.26"]
[Round "1.1"]
[White "Mukic, Josko"]
[Black "Gurschler, Gregor"]
[Result "1-0"]
[WhiteElo "2265"]
[BlackElo "1820"]
[PlyCount "130"]
[EventDate "2013.??.??"]

1. f4 d5 2. e3 Nf6 3. Nf3 g6 4. b3 Bg7 5. Bb2 O-O 6. Be2 c5 7. O-O b6 8. Ne5
Bb7 9. Bf3 Nbd7 {[%emt 0:00:29]} 10. d3 {[%emt 0:00:03]} 10... Nxe5 11. fxe5 {
[%emt 0:00:01]} 11... Nd7 {[%emt 0:00:01]} 12. d4 {[%emt 0:00:01]} 12... cxd4
13. exd4 {[%emt 0: 00:01]} 13... Rc8 14. Nc3 {[%emt 0:00:00]} 14... Nxe5 {
[%emt 0:00:02]} 15. dxe5 {[%emt 0: 00:16]} 15... Bxe5 {[%emt 0:00:00]} 16. Na4
Bxb2 {[%emt 0:00:02]} 17. Nxb2 {[%emt 0: 00:00]} 17... e5 {[%emt 0:00:01]} 18.
Be2 {[%emt 0:00:01]} 18... Qc7 {[%emt 0:00:00]} 19. Rc1 {[%emt 0:00:01]} 19...
Qc3 {[%emt 0:00:00]} 20. Na4 {[%emt 0:00:07]} 20... Qe3+ {[%emt 0:00:01]} 21.
Kh1 {[%emt 0:00:02]} 21... Qg5 {[%emt 0:00:00]} 22. Qe1 {[%emt 0:00:02]} 22...
d4 {[%emt 0:00:01]} 23. Qf2 {[%emt 0:00:01]} 23... Be4 {[%emt 0:00:01]} 24. Ba6
{[%emt 0:00:01]} 24... Rcd8 {[%emt 0:00:01]} 25. Qe2 {[%emt 0:00:00]} 25... Bc6
{[%emt 0:00: 01]} 26. Bb5 {[%emt 0:00:01]} 26... Bxb5 27. Qxb5 {[%emt 0:00:04]}
27... Qe7 {[%emt 0:00: 08]} 28. Rce1 {[%emt 0:00:01]} 28... Rfe8 29. Nb2 {
[%emt 0:00:01]} 29... f6 30. Nc4 {[%emt 0:00:04]} 30... Kg7 {[%emt 0:00:02]}
31. a4 {[%emt 0:00:03]} 31... h5 32. Re4 {[%emt 0:00: 02]} 32... Qd7 33. Qxd7+
{[%emt 0:00:02]} 33... Rxd7 {[%emt 0:00:01]} 34. Kg1 {[%emt 0:00: 01]} 34...
Rd5 35. Rfe1 {[%emt 0:00:01]} 35... Rc8 36. R4e2 {[%emt 0:00:01]} 36... Rdc5
37. Kf2 {[%emt 0:00:01]} 37... R8c6 38. c3 {[%emt 0:00:01]} 38... dxc3 {
[%emt 0:00:11]} 39. Rd1 {[%emt 0:00:01]} 39... a6 {[%emt 0:00:02]} 40. Rd7+ {
[%emt 0:00:01]} 40... Kf8 {[%emt 0:00: 01]} 41. Rc2 {[%emt 0:00:00]} 41... Ke8
{[%emt 0:00:01]} 42. Rd3 {[%emt 0:00:00]} 42... Ke7 {[%emt 0:00:00]} 43. Ne3 {
[%emt 0:00:01]} 43... a5 {[%emt 0:00:02]} 44. Nc4 {[%emt 0: 00:01]} 44... Ke6 {
[%emt 0:00:01]} 45. Ke3 {[%emt 0:00:01]} 45... f5 {[%emt 0:00:00]} 46. g3 {
[%emt 0:00:01]} 46... e4 {[%emt 0:00:01]} 47. Rd8 {[%emt 0:00:01]} 47... Rd5 {
[%emt 0: 00:00]} 48. Rxd5 {[%emt 0:00:01]} 48... Kxd5 {[%emt 0:00:00]} 49. Rxc3
{[%emt 0:00: 06]} 49... Re6 {[%emt 0:00:01]} 50. h4 {[%emt 0:00:02]} 50... Rf6
{[%emt 0:00:01]} 51. Rc2 {[%emt 0:00:01]} 51... Rc6 {[%emt 0:00:00]} 52. Rc1 {
[%emt 0:00:01]} 52... Re6 {[%emt 0:00: 00]} 53. Na3 {[%emt 0:00:01]} 53... Rf6
{[%emt 0:00:00]} 54. Rc8 {[%emt 0:00:01]} 54... Rd6 {[%emt 0:00:00]} 55. Nb5 {
[%emt 0:00:01]} 55... Rd7 {[%emt 0:00:00]} 56. Kf4 {[%emt 0:00:02]} 56... Re7 {
[%emt 0:00:00]} 57. Nc3+ {[%emt 0:00:01]} 57... Kd6 {[%emt 0:00:01]} 58. Rb8 {
[%emt 0:00:02]} 58... Kc6 {[%emt 0:00:02]} 59. Rxb6+ {[%emt 0:00:02]} 59...
Kxb6 {[%emt 0:00:02]} 60. Nd5+ {[%emt 0:00:00]} 60... Kc5 {[%emt 0:00:00]} 61.
Nxe7 {[%emt 0:00:00]} 61... Kd4 {[%emt 0:00:01]} 62. Nc6+ {[%emt 0:00:03]}
62... Kd5 {[%emt 0:00:00]} 63. Nxa5 {[%emt 0:00:02]} 63... Kc5 {[%emt 0:00:00]}
64. Ke3 {[%emt 0:00:02]} 64... Kb6 {[%emt 0:00:01]} 65. Nc4+ {[%emt 0:00:00]}
65... Kc5 {[%emt 0:00:00]} 1-0

[Event "SC Naturns Jambo II-SC Naturns Jambo"]
[Site "?"]
[Date "2013.10.26"]
[Round "1.2"]
[White "Gurschler, Thomas"]
[Black "Nicolodi, Raoul"]
[Result "0-1"]
[WhiteElo "1806"]
[BlackElo "1976"]
[PlyCount "100"]
[EventDate "2013.??.??"]

1. d4 {[%emt 0:00:00]} 1... Nf6 {[%emt 0:00:00]} 2. Bf4 {[%emt 0:00:03]} 2...
e6 {[%emt 0:00:00]} 3. Nf3 Nc6 {[%emt 0:00:01]} 4. e3 d5 5. Bd3 Bd6 {
[%emt 0:00:00]} 6. Bxd6 cxd6 {[%emt 0:00:00]} 7. O-O {[%emt 0:00:01]} 7... O-O
{[%emt 0:00:00]} 8. c3 e5 {[%emt 0:00:00]} 9. Be2 {[%emt 0:00:01]} 9... h6 {
[%emt 0:00:00]} 10. Nbd2 {[%emt 0:00:01]} 10... Bf5 {[%emt 0:00:00]} 11. h3 {
[%emt 0:00:01]} 11... Qd7 {[%emt 0:00: 01]} 12. Rc1 Rfe8 {[%emt 0:00:01]} 13.
b4 a6 {[%emt 0:00:00]} 14. a4 Rac8 {[%emt 0:00:00]} 15. Qb3 Qe6 {[%emt 0:00:01]
} 16. dxe5 dxe5 {[%emt 0:00:00]} 17. b5 {[%emt 0:00:01]} 17... axb5 {
[%emt 0:00:01]} 18. axb5 {[%emt 0:00:01]} 18... Na5 {[%emt 0:00:01]} 19. Qb2 b6
{[%emt 0:00:00]} 20. c4 dxc4 {[%emt 0:00:01]} 21. Rc3 {[%emt 0:00:00]} 21...
Rc5 {[%emt 0:00:09]} 22. Rfc1 {[%emt 0:00:01]} 22... Rec8 {[%emt 0: 00:00]} 23.
Nh4 {[%emt 0:00:01]} 23... Bh7 {[%emt 0:00:01]} 24. Qa3 {[%emt 0:00:01]} 24...
Ne8 {[%emt 0:00:01]} 25. e4 {[%emt 0:00:00]} 25... Nf6 {[%emt 0:00:01]} 26.
Bxc4 {[%emt 0:00:02]} 26... Nxc4 {[%emt 0:00:00]} 27. Rxc4 {[%emt 0:00:00]}
27... Nxe4 {[%emt 0: 00:00]} 28. Nhf3 {[%emt 0:00:01]} 28... f6 {[%emt 0:00:01]
} 29. Rxc5 {[%emt 0:00:01]} 29... Nxc5 {[%emt 0:00:00]} 30. Nb3 {[%emt 0:00:00]
} 30... Ne4 {[%emt 0:00:00]} 31. Rxc8+ {[%emt 0:00:01]} 31... Qxc8 {
[%emt 0:00:00]} 32. Nbd2 {[%emt 0:00:00]} 32... Nxd2 {[%emt 0: 00:01]} 33. Nxd2
{[%emt 0:00:00]} 33... Bg6 {[%emt 0:00:02]} 34. Qb3+ {[%emt 0:00:01]} 34... Bf7
{[%emt 0:00:01]} 35. Qd3 {[%emt 0:00:01]} 35... Qc5 {[%emt 0:00:00]} 36. Ne4 {
[%emt 0:00:03]} 36... Qd5 {[%emt 0:00:00]} 37. Qxd5 {[%emt 0:00:01]} 37... Bxd5
{[%emt 0: 00:00]} 38. Nc3 {[%emt 0:00:00]} 38... Bb3 {[%emt 0:00:00]} 39. f3 {
[%emt 0:00:01]} 39... f5 {[%emt 0:00:01]} 40. f4 exf4 {[%emt 0:00:01]} 41. Ne2
{[%emt 0:00:03]} 41... Kf7 {[%emt 0:00:01]} 42. Nxf4 {[%emt 0:00:01]} 42... Bc4
{[%emt 0:00:01]} 43. g3 {[%emt 0: 00:01]} 43... g5 {[%emt 0:00:01]} 44. Ng2 {
[%emt 0:00:01]} 44... Ke6 {[%emt 0:00:00]} 45. Ne3 {[%emt 0:00:01]} 45... Bxb5
{[%emt 0:00:00]} 46. Nc2 {[%emt 0:00:00]} 46... Bd3 {[%emt 0:00:02]} 47. Nb4 {
[%emt 0:00:00]} 47... Be4 {[%emt 0:00:00]} 48. h4 {[%emt 0:00:00]} 48... gxh4 {
[%emt 0:00:00]} 49. gxh4 {[%emt 0:00:00]} 49... Ke5 {[%emt 0:00:00]} 50. Na2 {
[%emt 0:00:01]} 50... b5 {[%emt 0:00:01]} 0-1

[Event "SC Naturns Jambo II-SC Naturns Jambo"]
[Site "?"]
[Date "2013.10.26"]
[Round "1.3"]
[White "La Manna, Andrea"]
[Black "Pranter, Luis"]
[Result "1-0"]
[WhiteElo "2157"]
[BlackElo "1573"]
[PlyCount "61"]
[EventDate "2013.??.??"]

1. e4 e5 2. Nf3 Nc6 3. Bb5 a6 4. Ba4 b5 5. Bb3 Be7 6. O-O Nf6 7. Re1 d6 8. h3
O-O 9. c3 Na5 10. Bc2 c5 {[%emt 0:00:00]} 11. d4 {[%emt 0:00:04]} 11... Qc7 {
[%emt 0: 00:00]} 12. d5 {[%emt 0:00:03]} 12... Nc4 13. Nbd2 Nxd2 14. Bxd2 Bd7
15. Rc1 Rfc8 16. Kh2 Qd8 17. g4 h6 18. Rg1 Nh7 19. Ne1 Bg5 20. Ng2 Bxd2 21.
Qxd2 Qf6 22. f4 exf4 23. Nxf4 Qe5 24. Kh1 Ng5 25. Rcf1 Nxe4 26. Qe3 Re8 27. h4
g5 28. Nh5 c4 29. Qf3 Qxd5 30. Bxe4 Qxe4 31. Nf6+ {[%emt 0:00:02]} 1-0

[Event "SC Naturns Jambo II-SC Naturns Jambo"]
[Site "?"]
[Date "2013.10.26"]
[Round "1.4"]
[White "Zoeschg, Herbert"]
[Black "Unterthurner, Hans"]
[Result "0-1"]
[WhiteElo "1490"]
[BlackElo "2041"]
[PlyCount "42"]
[EventDate "2013.??.??"]

1. e4 e5 2. Nf3 Nc6 3. d3 f5 4. Nbd2 Nf6 5. Be2 Bc5 6. O-O f4 7. b3 O-O 8. Bb2
d6 9. Nc4 b5 10. Ncxe5 dxe5 11. Nxe5 Nxe5 12. Bxe5 Bd6 13. d4 Nxe4 14. Bf3 Bb7
15. Rb1 Nc3 16. Qd3 Bxf3 17. Qxc3 Be2 18. Rfe1 f3 19. Bg3 h5 20. h4 Bxg3 21. a4
Qxh4 0-1

[Event "SC Naturns Jambo II-SC Naturns Jambo"]
[Site "?"]
[Date "2013.10.26"]
[Round "1.5"]
[White "Naegele, Norbert"]
[Black "Wielander, Wolfgang"]
[Result "1-0"]
[WhiteElo "1878"]
[BlackElo "1417"]
[PlyCount "35"]
[EventDate "2013.??.??"]

1. d4 d5 2. c4 dxc4 3. e4 e5 4. d5 c6 5. Bxc4 b5 6. Be2 Nf6 7. Bg5 a6 8. Nf3 h6
9. Bxf6 gxf6 10. Nc3 Bb4 11. Qb3 Bxc3+ 12. bxc3 f5 13. Nxe5 Qf6 14. f4 fxe4 15.
O-O cxd5 16. Qxd5 Ra7 17. Qc5 Re7 18. Qxc8# 1-0

[Event "SC Naturns Jambo II-SC Naturns Jambo"]
[Site "?"]
[Date "2013.10.26"]
[Round "1.6"]
[White "Amort, Thomas"]
[Black "Pichler, Christoph"]
[Result "0-1"]
[WhiteElo "1252"]
[BlackElo "1836"]
[PlyCount "54"]
[EventDate "2013.??.??"]

1. e4 e5 2. Nf3 Nf6 3. Bc4 Bc5 4. Ng5 O-O 5. d3 Nc6 6. c3 Na5 7. b4 Nxc4 8.
dxc4 Be7 9. c5 b6 10. O-O bxc5 11. bxc5 Bxc5 12. Qb3 Bb6 13. Ba3 d6 14. Nd2 Rb8
15. Kh1 Ba6 16. c4 Bd4 17. Qa4 Bxa1 18. Qxa6 Bd4 19. f4 Be3 20. fxe5 Bxg5 21.
exf6 Bxd2 22. fxg7 Re8 23. c5 dxc5 24. Qc4 Qd7 25. Bxc5 Bh6 26. Bxa7 Rb7 27.
Bd4 Rxe4 0-1

[Event "SC Ridnaun-J. Richter/Lask BZ II"]
[Site "?"]
[Date "2013.10.26"]
[Round "1.1"]
[White "Bonseri, Sergio"]
[Black "Aigner, Helmut"]
[Result "1/2-1/2"]
[WhiteElo "1729"]
[BlackElo "1829"]
[PlyCount "93"]
[EventDate "2013.??.??"]

1. e4 {[%emt 0:00:00]} 1... e6 {[%emt 0:00:00]} 2. d4 {[%emt 0:00:00]} 2... d5
{[%emt 0: 00:04]} 3. e5 {[%emt 0:00:00]} 3... c5 {[%emt 0:00:00]} 4. c3 {
[%emt 0:00:03]} 4... Nc6 {[%emt 0:00:00]} 5. f4 {[%emt 0:00:07]} 5... Qb6 {
[%emt 0:00:00]} 6. Nf3 {[%emt 0:00: 04]} 6... Nh6 {[%emt 0:00:14]} 7. Na3 {
[%emt 0:00:26]} 7... cxd4 {[%emt 0:00:17]} 8. Nxd4 {[%emt 0:00:00]} 8... Nxd4 {
[%emt 0:00:10]} 9. cxd4 {[%emt 0:00:04]} 9... Bxa3 {[%emt 0: 00:00]} 10. bxa3 {
[%emt 0:00:07]} 10... Nf5 {[%emt 0:00:02]} 11. Bd3 {[%emt 0:00:00]} 11... Qxd4
{[%emt 0:00:13]} 12. Rb1 {[%emt 0:00:37]} 12... Qc3+ {[%emt 0:00:00]} 13. Kf2 {
[%emt 0:00:00]} 13... Qc5+ {[%emt 0:00:09]} 14. Kf3 {[%emt 0:00:04]} 14... Nd4+
{[%emt 0: 00:00]} 15. Kf2 {[%emt 0:00:00]} 15... Nc6+ {[%emt 0:00:21]} 16. Kg3
{[%emt 0:00:16]} 16... a6 {[%emt 0:00:00]} 17. h4 {[%emt 0:00:00]} 17... h5 {
[%emt 0:00:00]} 18. Kh3 {[%emt 0:00:00]} 18... g6 {[%emt 0:00:00]} 19. Rf1 {
[%emt 0:00:00]} 19... b5 {[%emt 0:00:08]} 20. Bb2 {[%emt 0:03:25]} 20... Na5 {
[%emt 0:00:00]} 21. a4 {[%emt 0:00:24]} 21... Nc4 {[%emt 0: 00:16]} 22. Qc2 {
[%emt 0:00:00]} 22... Qe7 {[%emt 0:00:00]} 23. Bc1 {[%emt 0:00:00]} 23... Bd7 {
[%emt 0:00:12]} 24. Bxc4 {[%emt 0:00:25]} 24... Rc8 {[%emt 0:00:00]} 25. axb5 {
[%emt 0:00:00]} 25... Rxc4 {[%emt 0:00:17]} 26. Qb3 {[%emt 0:00:00]} 26... Bxb5
{[%emt 0: 00:13]} 27. Ba3 {[%emt 0:00:00]} 27... Qc7 {[%emt 0:00:08]} 28. Rbc1
{[%emt 0:00:00]} 28... Kd7 {[%emt 0:00:00]} 29. Qg3 {[%emt 0:00:00]} 29... Rc8
{[%emt 0:00:05]} 30. Rxc4 {[%emt 0:00:08]} 30... Qxc4 {[%emt 0:00:06]} 31. Rc1
{[%emt 0:00:07]} 31... Qd3 {[%emt 0:00: 00]} 32. Rxc8 {[%emt 0:00:00]} 32...
Kxc8 {[%emt 0:00:00]} 33. Qxd3 {[%emt 0:00:00]} 33... Bxd3 {[%emt 0:00:07]} 34.
Bd6 {[%emt 0:00:00]} 34... Kd7 {[%emt 0:00:00]} 35. Kg3 {[%emt 0:00:00]} 35...
Kc6 {[%emt 0:00:07]} 36. Kf2 {[%emt 0:00:01]} 36... d4 {[%emt 0:00: 07]} 37.
Ke1 {[%emt 0:00:05]} 37... Kd5 {[%emt 0:00:00]} 38. Kf2 {[%emt 0:00:00]} 38...
Ke4 {[%emt 0:00:00]} 39. g3 {[%emt 0:00:40]} 39... Bc4 {[%emt 0:00:00]} 40. a3
{[%emt 0: 00:00]} 40... Kd3 {[%emt 0:00:06]} 41. Bc5 {[%emt 0:00:00]} 41... Kc3
{[%emt 0:00:00]} 42. Bb4+ {[%emt 0:00:00]} 42... Kb3 {[%emt 0:00:00]} 43. Ke1 {
[%emt 0:00:00]} 43... d3 {[%emt 0:00:00]} 44. Kd2 {[%emt 0:00:00]} 44... Ka4 {
[%emt 0:00:22]} 45. Bc5 {[%emt 0:00:00]} 45... a5 {[%emt 0:00:00]} 46. Kc3 {
[%emt 0:00:06]} 46... Ba6 {[%emt 0:00:00]} 47. Bf8 {[%emt 0:00:00]} (47. Be7 {
[%emt 0:00:00]}) 1/2-1/2

[Event "ASD Arci Scacchi II-SC Algund"]
[Site "?"]
[Date "2013.10.26"]
[Round "1.1"]
[White "Wieser, Christoph"]
[Black "Pichler, Klaus"]
[Result "1-0"]
[WhiteElo "1777"]
[BlackElo "1690"]
[PlyCount "37"]
[EventDate "2013.??.??"]

{159MB, Fritz11.ctg, ACER-2D60536D59} 1. e4 d5 2. exd5 Qxd5 3. Nc3 Qd6 4. Bc4
Nf6 5. d3 a6 6. a4 Nc6 7. Nge2 Bg4 8. f3 Bf5 9. Ne4 Nxe4 10. fxe4 Bg4 11. Be3
e5 12. O-O Be6 13. Bxe6 Qxe6 14. c3 Rd8 15. Qc2 Be7 16. d4 Qg6 17. Rf5 Bd6 18.
d5 Ne7 19. Re1 {"45 SMM"]} 1-0